Countries Where Cannabis Isn't Illegal - Statistics

General Stats
  • This quiz has been taken 161 times
  • The average score is 18 of 35
Answer Stats
Status Country % Correct
Decriminalized Netherlands
91%
Legal Canada
89%
Decriminalized Portugal
80%
Legal Spain
76%
Legal Uruguay
74%
Decriminalized Belgium
72%
Decriminalized Mexico
72%
Decriminalized Colombia
66%
Decriminalized Argentina
64%
Decriminalized Italy
64%
Decriminalized Jamaica
63%
Decriminalized Austria
61%
Decriminalized Chile
59%
Decriminalized Luxembourg
59%
Legal Switzerland
59%
Legal South Africa
55%
Decriminalized Bolivia
54%
Decriminalized Peru
54%
Decriminalized Ecuador
53%
Decriminalized Paraguay
53%
Decriminalized Czech Republic
52%
Decriminalized Costa Rica
50%
Legal Poland
48%
Decriminalized Estonia
40%
Decriminalized Malta
39%
Decriminalized Slovenia
38%
Decriminalized Belize
36%
Decriminalized Antigua and Barbuda
34%
Decriminalized Croatia
34%
Decriminalized Israel
32%
Decriminalized St. Kitts and Nevis
28%
Decriminalized Trinidad and Tobago
27%
Decriminalized St. Vincent and the Grenadines
25%
Legal Georgia
22%
Decriminalized Moldova
21%
No matching quizzes found
Score Distribution
Percent of People with Each Score
Percentile by Number Answered
Your Score History
You have not taken this quiz